Statystyki dla Państwa, gdzie małżeństwa jednopłciowe są legalne

Kliknij tutaj aby rozwiązać quiz!

Ogólne statystyki

  • Ten quiz został rozwiązany 7 128 razy
  • Średni wynik to 21 z 31

Statystyki odpowiedzi

RokPaństwo% Poprawnych
2015Stany Zjednoczone
96%
2017Niemcy
92%
2013Francja
90%
2005Hiszpania
90%
2005Kanada
89%
2009Szwecja
86%
2009Norwegia
85%
2001Holandia
84%
2010Portugalia
84%
2020Wielka Brytania
83%
2017Finlandia
82%
2003Belgia
81%
2013Brazylia
76%
2022Szwajcaria
76%
2012Dania
75%
2017Australia
73%
2019Austria
72%
2010Argentyna
69%
2015Irlandia
69%
2015Luksemburg
69%
2010Islandia
66%
2013Nowa Zelandia
60%
2022Chile
57%
2016Kolumbia
51%
2006Południowa Afryka
48%
2022Słowenia
47%
2013Urugwaj
43%
2019Ekwador
37%
2017Malta
36%
2019Tajwan
21%
2020Kostaryka
17%

Rozkład punktacji

Percentyl według liczby udzielonych odpowiedzi

Procent ludzi z każdym wynikiem

Twoja historia wyników

Nie rozwiązałeś tego quizu